<?xml version="1.0" encoding="UTF-8"?>
<record
    xmlns:xsi="http://www.w3.org/2001/XMLSchema-instance"
    xsi:schemaLocation="http://www.loc.gov/MARC21/slim http://www.loc.gov/standards/marcxml/schema/MARC21slim.xsd"
    xmlns="http://www.loc.gov/MARC21/slim">

  <leader>02862nam a22002657a 4500</leader>
  <controlfield tag="005">20240305165639.0</controlfield>
  <controlfield tag="007">cr||||   |||| </controlfield>
  <controlfield tag="008">220819s2020    pe |||||s|||| 00||0 spa d</controlfield>
  <datafield tag="020" ind1=" " ind2=" ">
    <subfield code="a">9786123251413</subfield>
  </datafield>
  <datafield tag="035" ind1=" " ind2=" ">
    <subfield code="a">36905</subfield>
  </datafield>
  <datafield tag="040" ind1=" " ind2=" ">
    <subfield code="a">vLex</subfield>
  </datafield>
  <datafield tag="090" ind1=" " ind2=" ">
    <subfield code="c">13765</subfield>
    <subfield code="d">13765</subfield>
  </datafield>
  <datafield tag="100" ind1="1" ind2=" ">
    <subfield code="a">Santill&#xE1;n Santa Cruz, Romina</subfield>
  </datafield>
  <datafield tag="245" ind1="1" ind2="0">
    <subfield code="a"> Disposici&#xF3;n de bienes en la sociedad de gananciales</subfield>
    <subfield code="h">[Recurso electr&#xF3;nico] /</subfield>
    <subfield code="c">Romina Santill&#xE1;n Santa Cruz</subfield>
  </datafield>
  <datafield tag="256" ind1=" " ind2=" ">
    <subfield code="a">Servicio en l&#xED;nea</subfield>
  </datafield>
  <datafield tag="260" ind1=" " ind2=" ">
    <subfield code="a">Lima:</subfield>
    <subfield code="b">Palestra Editores,</subfield>
    <subfield code="c">2020</subfield>
  </datafield>
  <datafield tag="300" ind1=" " ind2=" ">
    <subfield code="a">1 recurso electr&#xF3;nico</subfield>
  </datafield>
  <datafield tag="500" ind1=" " ind2=" ">
    <subfield code="a">Esta obra aborda, de manera org&#xE1;nica, el estudio de la disposici&#xF3;n de los bienes en la sociedad de gananciales. Se centra especialmente en la sanci&#xF3;n que corresponder&#xED;a aplicar a los actos de disposici&#xF3;n individual de bienes comunes que contravienen la regla de actuaci&#xF3;n conjunta, debido a la ausencia de regulaci&#xF3;n sobre este particular asunto en el Derecho peruano. Una cuesti&#xF3;n que, como tendr&#xE1; ocasi&#xF3;n de ver el lector, la autora resuelve jugando inteligentemente con el Derecho Comparado (sobre todo el espa&#xF1;ol), con los criterios establecidos por la Corte Suprema de Justicia, y con una visi&#xF3;n teleol&#xF3;gico-sistem&#xE1;tica de las reglas establecidas en el art&#xED;culo 315 del C&#xF3;digo civil peruano. La soluci&#xF3;n que propone gira en torno a la idea de legitimaci&#xF3;n, y a la falta de legitimaci&#xF3;n de uno de los c&#xF3;nyuges para disponer individualmente de bienes comunes. Previo a ello, hace una introducci&#xF3;n general al r&#xE9;gimen de gananciales y a los bienes que conforman su activo, para luego sumergirse en el t&#xF3;pico de la gesti&#xF3;n de los bienes comunes y privativos de los c&#xF3;nyuges. Desarrolla en forma ordenada y sistem&#xE1;tica la legitimaci&#xF3;n de los c&#xF3;nyuges para disponer de los bienes comunes empleando una tipolog&#xED;a general que estructura la materia en legitimaci&#xF3;n conjunta e individual. Expone los supuestos del art&#xED;culo 315 que, a su juicio y s&#xF3;lida raz&#xF3;n, configurar&#xED;an una falta de legitimaci&#xF3;n para disponer en los c&#xF3;nyuges, especificando las distintas medidas que podr&#xED;an adoptar tanto el c&#xF3;nyuge preterido como los terceros posiblemente afectados. Como corolario de lo anterior, y siendo uno de sus principales aportes, elabora la tesis de la an&#xF3;mala legitimaci&#xF3;n individual, cuyo argumento y alcance descubrir&#xE1; el lector al introducirse en estas p&#xE1;ginas.</subfield>
  </datafield>
  <datafield tag="506" ind1="1" ind2=" ">
    <subfield code="a">Disponible solo en los productos indicados</subfield>
    <subfield code="d">vLex Global</subfield>
    <subfield code="d">vLex Global (Academic Edition, excluding Law Schools)</subfield>
    <subfield code="d">vLex Global (U.S. Academic Edition, Law Schools)</subfield>
    <subfield code="d">vLex Global (U.S. Academic Edition, excluding Law Schools)</subfield>
    <subfield code="d">vLex Global (Academic Edition, Law Schools)</subfield>
  </datafield>
  <datafield tag="650" ind1="0" ind2="4">
    <subfield code="a">Derecho Civil</subfield>
    <subfield code="z">Per&#xFA;</subfield>
  </datafield>
  <datafield tag="650" ind1="0" ind2="4">
    <subfield code="a">Procedimiento Civil</subfield>
    <subfield code="z">Per&#xFA;</subfield>
  </datafield>
  <datafield tag="740" ind1="0" ind2=" ">
    <subfield code="a">vLex Libros (Servicio en l&#xED;nea)</subfield>
  </datafield>
  <datafield tag="856" ind1="4" ind2="0">
    <subfield code="u">https://app.vlex.com/#/sources/36905</subfield>
  </datafield>
  <datafield tag="942" ind1=" " ind2=" ">
    <subfield code="c">RAA</subfield>
  </datafield>
  <datafield tag="952" ind1=" " ind2=" ">
    <subfield code="0">0</subfield>
    <subfield code="1">0</subfield>
    <subfield code="4">0</subfield>
    <subfield code="7">0</subfield>
    <subfield code="8">VLEX</subfield>
    <subfield code="9">329921</subfield>
    <subfield code="a">BD-UIN</subfield>
    <subfield code="b">BD-UIN</subfield>
    <subfield code="d">2024-03-05</subfield>
    <subfield code="l">0</subfield>
    <subfield code="p">36905</subfield>
    <subfield code="r">2024-03-05</subfield>
    <subfield code="w">2024-03-05</subfield>
    <subfield code="y">RAA</subfield>
  </datafield>
  <datafield tag="999" ind1=" " ind2=" ">
    <subfield code="c">172001</subfield>
    <subfield code="d">172001</subfield>
  </datafield>
</record>
